Catálogo
 En Linea

El guerrero elegido de Dios / (Registro nro. 16953)

Detalles MARC
000 -CABECERA
campo de control de longitud fija 00737nam a2200217 a 4500
001 - NÚMERO DE CONTROL
campo de control 000017428
005 - FECHA Y HORA DE LA ÚLTIMA TRANSACCIÓN
campo de control 20250204073952.0
008 - DATOS DE LONGITUD FIJA--INFORMACIÓN GENERAL
campo de control de longitud fija 100324s1994 dr a 001 f spa d
040 ## - FUENTE DE LA CATALOGACIÓN
Centro catalogador/agencia de origen DO-SdBNP
Lengua de catalogación spa
Centro/agencia transcriptor BNPHU
082 ## - NÚMERO DE LA CLASIFICACIÓN DECIMAL DEWEY
Número de clasificación RD863.44
Número de documento/Ítem N397g
100 1# - ENTRADA PRINCIPAL--NOMBRE DE PERSONA
Nombre de persona Nei Nava, Víctor
9 (RLIN) 38112
245 13 - MENCIÓN DE TÍTULO
Título El guerrero elegido de Dios /
Mención de responsabilidad, etc. Víctor Nei Nava ; prólogo Mariano Lebrón saviñon.
260 ## - PUBLICACIÓN, DISTRIBUCIÓN, ETC.
Lugar de publicación, distribución, etc. Santo Domingo :
Nombre del editor, distribuidor, etc. Paloma,
Fecha de publicación, distribución, etc. 1994.
300 ## - DESCRIPCIÓN FÍSICA
Extensión ix,124 p. :
Otras características físicas il. ;
Dimensiones 21 cm.
504 ## - NOTA DE BIBLIOGRAFÍA, ETC.
Nota de bibliografía, etc. Bibliografía : p. 124.
590 ## - NOTA LOCAL (RLIN)
Nota local Inventariado, 2020/BT
650 #0 - PUNTO DE ACCESO ADICIONAL DE MATERIA--TÉRMINO DE MATERIA
Término de materia o nombre geográfico como elemento de entrada Novela dominicana
9 (RLIN) 223
650 #0 - PUNTO DE ACCESO ADICIONAL DE MATERIA--TÉRMINO DE MATERIA
Término de materia o nombre geográfico como elemento de entrada Literatura dominicana.
9 (RLIN) 67
700 1# - PUNTO DE ACCESO ADICIONAL--NOMBRE DE PERSONA
Nombre de persona Lebrón Saviñon, Mariano
Fechas asociadas al nombre 1922-2014
Término indicativo de función/relación pról.
9 (RLIN) 7227
910 ## - DATOS DE OPCIÓN DEL USUARIO (OCLC)
Datos de opción del usuario Validado. Control de calidad EMS
Existencias
Estado de retiro Estado de pérdida No para préstamo Código de colección Localización permanente Ubicación/localización actual Ubicación en estantería Fecha de adquisición Número de inventario Total de préstamos Signatura topográfica completa Código de barras Fecha visto por última vez Precio válido a partir de Tipo de ítem Koha Número de copia
    Excluido de préstamo Patrimonio Dominicano Patrimonio Dominicano Patrimonio Dominicano Depósito 24.03.2010 LF1   RD863.44 N397g 17428-10 25.06.2020 25.06.2020 Libro y Folleto Colección Patrimonio Dominicano  
    Excluido de préstamo Patrimonio Dominicano Patrimonio Dominicano Patrimonio Dominicano Depósito 24.03.2010 LF1   RD863.44 N397g 17428-20 25.06.2020 25.06.2020 Libro y Folleto Colección Patrimonio Dominicano e.2

Con tecnología Koha